Welches Land fehlt? - Statistiken

Allgemein
  • Dieses Quiz wurde 592 mal gespielt
  • Das Durchschnittsergebnis liegt bei 13 aus 20
Antwortstatistiken
Länder Fehlendes Land % Korrekt
Luxemburg, Niederlande Belgien
100%
Dänemark, Finnland, Island, Schweden Norwegen
99%
Kanada, Mexiko USA
99%
Peru, Brasilien, Bolivien, Kolumbien Argentinien
87%
Usbekistan, Kirgistan, Afghanistan, Pakistan, Turkmenistan, Tadschikistan Kasachstan
83%
Myanmar, Thailand, Laos, Kambodscha Vietnam
80%
Estland, Litauen Lettland
72%
Deutschland, Schweiz, Belgien, Luxemburg, Liechtenstein Österreich
72%
Lesotho, San Marino Vatikanstadt
61%
Bahrain, Jemen, Katar, Kuwait, Oman, Saudi-Arabien Vereinigte Arabische Emirate
58%
Israel, Jordanien, Sudan, Eritrea, Dschibuti, Jemen, Saudi-Arabien Ägypten
56%
Russland, Kanada, USA, Brasilien, Australien China
56%
Südafrika, Osttimor, Südsudan, Nordmazedonien, Südkorea Nordkorea
56%
Ruanda, Rumänien Russland
56%
Brasilien, Deutschland, Argentinien, Uruguay, Frankreich, Spanien, England Italien
55%
São Tomé und Príncipe, Kap Verde, Mauritius, Seychellen, Komoren Madagaskar
51%
Vereinigtes Königreich, Irland, Malta Island
42%
Brasilien, Nigeria, Pakistan, Indonesien, USA, China Indien
35%
Vereinigtes Königreich, Spanien, Algerien, Mali, Burkina Faso, Togo, Ghana Frankreich
20%
Senegal, Nepal, Israel Portugal
14%
Keine übereinstimmenden Quizze gefunden
Verteilung der Resultate
Anzahl Personen mit jedem Resultat
Perzentil nach korrekt beantworteten Fragen
Ihre Resultats-Entwicklung
Sie haben dieses Quiz noch nicht gespielt